[Event "Aragon-ch Seniors-A"]
[Site "Zaragoza"]
[Date "2017.04.22"]
[Round "1"]
[White "Roche Simon, Manuel Angel"]
[Black "Garrido Busto, Francisco"]
[Result "1-0"]
[WhiteElo "2170"]
[BlackElo "1658"]
[PlyCount "31"]
[EventDate "2017.04.22"]
[EventType "swiss"]
[EventRounds "8"]
[EventCountry "ESP"]
[SourceTitle "EXT 2019"]
[Source "ChessBase"]
[SourceDate "2018.10.10"]
[SourceVersion "1"]
[SourceVersionDate "2018.10.10"]
[SourceQuality "1"]

1. e4 c6 2. d4 d5 3. Nd2 dxe4 4. Nxe4 Bf5 5. Ng3 Bg6 6. Nf3 Nd7 7. h4 h6 8. h5 Bh7 9. Bd3 Bxd3 10. Qxd3 e6 11. Bd2 Ngf6 12. 0-0-0 Qb6 13. Qe2 0-0-0 14. Ne5 Nxe5 15. dxe5 Ng4 16. Qxg4 1-0

[Event "Aragon-chT Honor Descenso"]
[Site "Aragon"]
[Date "2017.03.18"]
[Round "8.30"]
[White "Ferreruela Romero, Jose Joaquin"]
[Black "Roche Simon, Manuel Angel"]
[Result "0-1"]
[WhiteElo "2073"]
[BlackElo "2170"]
[PlyCount "60"]
[EventDate "2017.02.25"]
[EventType "team-tourn"]
[EventRounds "10"]
[EventCountry "ESP"]
[SourceTitle "EXT 2018"]
[Source "ChessBase"]
[SourceDate "2017.10.13"]
[SourceVersion "1"]
[SourceVersionDate "2017.10.13"]
[SourceQuality "1"]
[WhiteTeam "San Jose"]
[BlackTeam "Delicias"]
[WhiteTeamCountry "ESP"]
[BlackTeamCountry "ESP"]

1. Nf3 d5 2. b3 c5 3. e4 dxe4 4. Ng5 Nf6 5. Nc3 Nc6 6. Bc4 e6 7. Bb2 Be7 8. 0-0 0-0 9. Ncxe4 h6 10. Nxf6+ Bxf6 11. Bxf6 Qxf6 12. Ne4 Qe7 13. f4 f5 14. Ng3 Kh8 15. Kh1 Bd7 16. Bb5 Rad8 17. Bxc6 Bxc6 18. Qe2 Qd6 19. d3 Qd5 20. Rad1 Rf6 21. Rf3 Qd4 22. Re3 Rg6 23. Rf1 Rd6 24. Re5 Kh7 25. Qf2 h5 26. Qxd4 cxd4 27. Rf2 h4 28. Nf1 h3 29. Ng3 hxg2+ 30. Kg1 Kg8 0-1

[Event "Aragon-chT Honor GrA"]
[Site "Aragon"]
[Date "2017.01.28"]
[Round "1.2"]
[White "Roche Simon, Manuel Angel"]
[Black "Ramiro Ovejero, Juan Luis"]
[Result "1-0"]
[WhiteElo "2170"]
[BlackElo "2386"]
[PlyCount "145"]
[EventDate "2017.01.28"]
[EventType "team-tourn"]
[EventRounds "7"]
[EventCountry "ESP"]
[SourceTitle "EXT 2018"]
[Source "ChessBase"]
[SourceDate "2017.10.13"]
[SourceVersion "1"]
[SourceVersionDate "2017.10.13"]
[SourceQuality "1"]
[WhiteTeam "Delicias"]
[BlackTeam "Jaime Casas"]
[WhiteTeamCountry "ESP"]
[BlackTeamCountry "ESP"]

1. e4 d6 2. d4 Nf6 3. Nc3 e5 4. Nf3 Nbd7 5. Bc4 Be7 6. a4 0-0 7. 0-0 a5 8. Re1 c6 9. h3 Nb6 10. Bb3 Nfd7 11. Be3 exd4 12. Nxd4 Nc5 13. Qf3 Bg5 14. Rad1 Bxe3 15. Rxe3 Qg5 16. Qe2 Qe7 17. f4 Be6 18. e5 Nxb3 19. cxb3 dxe5 20. Rxe5 Qf6 21. Rf1 Bd5 22. Nf5 g6 23. Ne7+ Kh8 24. Qe3 Nd7 25. Nexd5 cxd5 26. Rxd5 Rfe8 27. Qd2 Nf8 28. Qd4 Qxd4+ 29. Rxd4 Re6 30. f5 Rb6 31. Nb5 Kg7 32. Rd6 Rxd6 33. Nxd6 b6 34. fxg6 Kxg6 35. Nxf7 Re8 36. Nd6 Re6 37. Rxf8 Rxd6 38. Rb8 Kf5 39. Rb7 h6 40. Kf1 Ke4 41. Ke2 Kd5 42. Rc7 Rg6 43. g4 Re6+ 44. Kd3 Rf6 45. h4 Rf3+ 46. Kc2 Rf2+ 47. Kb1 Rh2 48. h5 Rg2 49. Rc4 Rg3 50. Ka2 Rg1 51. Rf4 Kc5 52. Rf5+ Kc6 53. Rf6+ Kc5 54. Rg6 b5 55. g5 hxg5 56. h6 bxa4 57. h7 axb3+ 58. Kxb3 Rh1 59. Rxg5+ Kb6 60. Rg7 Kb5 61. Kc3 Kc5 62. Kd3 a4 63. Ke4 Kc4 64. Rb7 Rh5 65. Kf4 Kd3 66. Kg4 Rh2 67. Kg5 Kc2 68. Kg6 Rh4 69. Kg7 Rg4+ 70. Kf8 Rh4 71. Kg8 Rg4+ 72. Rg7 Rh4 73. Rg2+ 1-0

[Event "ESP-ch Seniors 50"]
[Site "Altea"]
[Date "2016.10.15"]
[Round "8"]
[White "Barraza Caracuel, Ignacio"]
[Black "Roche Simon, Manuel Angel"]
[Result "0-1"]
[WhiteElo "2220"]
[BlackElo "2141"]
[PlyCount "81"]
[EventDate "2016.10.09"]
[EventType "swiss"]
[EventRounds "9"]
[EventCountry "ESP"]
[SourceTitle "EXT 2024"]
[Source "ChessBase"]
[SourceDate "2023.10.10"]
[SourceVersion "1"]
[SourceVersionDate "2023.10.10"]
[SourceQuality "1"]

1. Nf3 d5 2. b3 c5 3. e3 Nf6 4. Bb2 e6 5. c4 Nc6 6. Be2 d4 7. exd4 cxd4 8. d3 e5 9. 0-0 Be7 10. a3 a5 11. Nbd2 0-0 12. Re1 Re8 13. Bf1 Bd6 14. Qc2 b6 15. g3 Ra7 16. Bg2 Rc7 17. Re2 h6 18. Rae1 Bg4 19. h3 Bh5 20. g4 Bg6 21. Nh4 Bh7 22. Nf5 Bxf5 23. gxf5 Ne7 24. Nf3 Nxf5 25. Nxe5 Nh4 26. Nf3 Rxe2 27. Qxe2 Nxg2 28. Kxg2 Re7 29. Qd1 Nh5 30. Bc1 Rxe1 31. Qxe1 Bf4 32. Bb2 Bc7 33. Qe4 Nf4+ 34. Kf1 Qd7 35. Ng1 Ne6 36. b4 axb4 37. axb4 Qd6 38. Ne2 Qxb4 39. Bxd4 Qd2 40. Be3 Qd1+ 41. Kg2 0-1

[Event "ESP-ch Seniors 50"]
[Site "Altea"]
[Date "2016.10.10"]
[Round "2"]
[White "Roche Simon, Manuel Angel"]
[Black "Garcia Galeote, Lorenzo"]
[Result "1-0"]
[WhiteElo "2141"]
[BlackElo "1949"]
[PlyCount "82"]
[EventDate "2016.10.09"]
[EventType "swiss"]
[EventRounds "9"]
[EventCountry "ESP"]
[SourceTitle "EXT 2024"]
[Source "ChessBase"]
[SourceDate "2023.10.10"]
[SourceVersion "1"]
[SourceVersionDate "2023.10.10"]
[SourceQuality "1"]

1. e4 b6 2. d4 Bb7 3. Bd3 Nf6 4. Qe2 Nc6 5. c3 e5 6. Nf3 d6 7. 0-0 Be7 8. d5 Nb8 9. c4 0-0 10. h3 g6 11. Nc3 Ne8 12. g4 Ng7 13. Bh6 Re8 14. Qd2 Nd7 15. Kg2 Bf8 16. Rh1 Nc5 17. Bc2 a5 18. b3 f6 19. Rag1 Re7 20. h4 Rf7 21. Kf1 c6 22. Rg3 Rc8 23. Be3 Qc7 24. Ne1 Ba6 25. dxc6 Qxc6 26. Qd5 Qc7 27. Qd2 Qb7 28. a4 f5 29. gxf5 Nxf5 30. Rgg1 Nxe3+ 31. Qxe3 Ne6 32. h5 Nf4 33. hxg6 hxg6 34. Rg4 Rh7 35. Rhg1 Qf7 36. Nd5 Rh3 37. Rxg6+ Bg7 38. R6g3 Rh7 39. Qxb6 Bb7 40. Qxd6 Bxd5 41. exd5 Ra8 1-0

[Event "Aragon-chT Honor Descenso"]
[Site "Aragon"]
[Date "2016.03.19"]
[Round "8.22"]
[White "Bailo Remacha, Santiago"]
[Black "Roche Simon, Manuel Angel"]
[Result "0-1"]
[WhiteElo "2036"]
[BlackElo "2143"]
[PlyCount "81"]
[EventDate "2016.03.19"]
[EventType "team-tourn"]
[EventRounds "10"]
[EventCountry "ESP"]
[SourceTitle "EXT 2018"]
[Source "ChessBase"]
[SourceDate "2017.10.13"]
[SourceVersion "1"]
[SourceVersionDate "2017.10.13"]
[SourceQuality "1"]
[WhiteTeam "El Olivar II"]
[BlackTeam "Delicias"]
[WhiteTeamCountry "ESP"]
[BlackTeamCountry "ESP"]

1. d4 d5 2. c4 c6 3. Nc3 e6 4. Nf3 Bd6 5. b3 Nf6 6. Bb2 0-0 7. g3 Nbd7 8. Bg2 Qe7 9. 0-0 dxc4 10. bxc4 e5 11. e3 Ba3 12. Bxa3 Qxa3 13. Qb3 Qe7 14. Rab1 Re8 15. c5 h6 16. Nd2 Rd8 17. Nc4 exd4 18. exd4 Nf8 19. Nd6 Ne6 20. Qc4 Qc7 21. d5 cxd5 22. Bxd5 Nxd5 23. Nxd5 Qd7 24. Nf5 Kh8 25. Nfe7 Re8 26. Rfd1 Rxe7 27. Nxe7 Qxe7 28. c6 b6 29. Qe4 Qc7 30. Rbc1 g6 31. f4 Kg7 32. Kg2 Nc5 33. Qd4+ Kh7 34. Qf6 Be6 35. h4 Qxc6+ 36. Kh2 Qf3 37. Qb2 Qg4 38. Qg2 Re8 39. Rc3 Bf5 40. Rd2 Re1 41. Ra3 0-1

[Event "Aragon-chT Honor GrA"]
[Site "Aragon"]
[Date "2016.03.12"]
[Round "7.6"]
[White "Roche Simon, Manuel Angel"]
[Black "Luis Vitalla, Fernando Maria"]
[Result "1-0"]
[WhiteElo "2143"]
[BlackElo "2117"]
[PlyCount "65"]
[EventDate "2016.01.30"]
[EventType "team-tourn"]
[EventRounds "7"]
[EventCountry "ESP"]
[SourceTitle "EXT 2018"]
[Source "ChessBase"]
[SourceDate "2017.10.13"]
[SourceVersion "1"]
[SourceVersionDate "2017.10.13"]
[SourceQuality "1"]
[WhiteTeam "Delicias"]
[BlackTeam "Huesca Club Atletismo"]
[WhiteTeamCountry "ESP"]
[BlackTeamCountry "ESP"]

1. e4 c5 2. Nf3 Nc6 3. d4 cxd4 4. Nxd4 Nf6 5. Nc3 d6 6. Bg5 Bd7 7. Qd2 Rc8 8. Nb3 a6 9. f4 b5 10. Bd3 e6 11. a4 b4 12. Ne2 a5 13. Ned4 Nxd4 14. Nxd4 Qb6 15. Bxf6 gxf6 16. Bb5 Bxb5 17. Nxb5 Qc6 18. 0-0-0 Qxe4 19. Rhe1 Qc4 20. Kb1 Be7 21. f5 e5 22. b3 Qc5 23. Re4 d5 24. Re2 0-0 25. g4 Kh8 26. g5 Rg8 27. h4 d4 28. Rg2 fxg5 29. Rf1 g4 30. f6 Bf8 31. Rf5 Rg6 32. Qe2 Bd6 33. Rg5 1-0